000 00334nam a2200133Ia 4500
008 100328s9999 xx 000 0 und d
082 _b44941
100 _aइनामदार ना.स.
245 _aझेप
260 _bकॉन्टीनेन्टल
630 _aझेप
730 _aझेप
942 _cBOOK
999 _c533150
_d533147